| 000 | 00558nam a2200205Ia 4500 | ||
|---|---|---|---|
| 003 | BUBTL | ||
| 008 | 151213s9999 xx 000 0 und d | ||
| 082 | _a821.7/ G168p/ 1987 | ||
| 100 |
_aGardiner, Alan _94925 |
||
| 245 |
_aThe Poetry of William Words Worth : _cAlan Gardiner |
||
| 250 | _a1st Edn | ||
| 260 |
_aLondon _bPenguin Book _cc1987 |
||
| 300 |
_a121p. : _b20 cm |
||
| 650 | _aEnglish Literature | ||
| 650 | _a | ||
| 700 |
_aAlan Gardiner _94926 |
||
| 856 |
_k0 _l0 _yDownload |
||
| 942 |
_2ddc _cBK |
||
| 999 |
_c2348 _d2348 |
||